| 000 | 00782nam a22002177a 4500 | ||
|---|---|---|---|
| 005 | 20100727102316.0 | ||
| 010 | _aENG-96834 | ||
| 020 |
_a9789380599090 _c425.00 |
||
| 035 | _aEN-80367 | ||
| 037 | _bDBAD/PUB | ||
| 082 | _a570 | ||
| 100 |
_aChaudhuri, Alok Ghosh _91913 |
||
| 245 |
_aRudiments of biology : _bMCO & short questions for WBJEE / _cby Alok Ghosh Chaudhuri, Anuradha Goswami [and] Sujit Pal |
||
| 260 |
_aKolkata _bAcademic publishers _c2010 |
||
| 270 |
_a5A Bhawani Dutta Lane, _e700073 _bKolkata |
||
| 300 |
_aviii,872 p. _c24 cm (pbk) |
||
| 700 |
_aGoswami, Anuradha _91597 |
||
| 700 |
_aPal, Sujit _91598 |
||
| 942 |
_2ddc _cEN _h570 _mCHA |
||
| 999 |
_c37825 _d37825 |
||